BIBLIOTECA

SENCICO

Grandes jardines de Europa: Desde la antigüedad hasta nuestros días (Registro nro. 2473)

Detalles MARC
000 -LEADER
fixed length control field 00688nam a2200229Ia 4500
005 - DATE AND TIME OF LATEST TRANSACTION
control field 20251020182543.0
008 - FIXED-LENGTH DATA ELEMENTS--GENERAL INFORMATION
fixed length control field 200515s9999 xx 000 0 und d
020 ## - INTERNATIONAL STANDARD BOOK NUMBER
International Standard Book Number 978-3-8331-6225-1
082 ## - DEWEY DECIMAL CLASSIFICATION NUMBER
Classification number 747.09/k64
100 ## - MAIN ENTRY--PERSONAL NAME
Personal name Ehrenfried Kluckert
245 #0 - TITLE STATEMENT
Title Grandes jardines de Europa: Desde la antigüedad hasta nuestros días
260 ## - PUBLICATION, DISTRIBUTION, ETC.
Place of publication, distribution, etc. Barcelona
260 ## - PUBLICATION, DISTRIBUTION, ETC.
Name of publisher, distributor, etc. Ullmann
260 ## - PUBLICATION, DISTRIBUTION, ETC.
Date of publication, distribution, etc. 2011
300 ## - PHYSICAL DESCRIPTION
Extent 496
300 ## - PHYSICAL DESCRIPTION
Other physical details il.
500 ## - GENERAL NOTE
General note 1 ejemplar
520 ## - SUMMARY, ETC.
Summary, etc. Ofrece al lector la posibilidad de conocer la diversidad de los jardines que nacieron durante la diferentes épocas de la historia del arte europeo.
650 ## - SUBJECT ADDED ENTRY--TOPICAL TERM
Topical term or geographic name entry element JARDINES
942 ## - ADDED ENTRY ELEMENTS (KOHA)
Koha item type Libros
Existencias
Fecha de la última vez que lo usaron Pago total Signatura topográfica completa Código de barras Precio efectivo desde Tipo de documento Estado perdido Estado dañado No es para préstamo Retirado Ubicación permanente Ubicación actual Fecha de adquisición
15/05/2020   747.09/k64 Bib-Lima15052473 15/05/2020 Libros         Biblioteca Central Lima Biblioteca Central Lima 15/05/2020